| 000 | 01464 a2200205 4500 | ||
|---|---|---|---|
| 999 |
_c330248 _d330248 |
||
| 003 | NUST | ||
| 005 | 20170615114314.0 | ||
| 008 | 170615b xxu||||| |||| 00| 0 eng d | ||
| 020 | _a0739104985 | ||
| 020 | _a9780739104989 | ||
| 040 | _c0 | ||
| 082 | 0 | 4 | _a954.91053 |
| 100 | 1 |
_aBaxter, Craig. _92693 |
|
| 245 | 1 | 0 |
_aPakistan on the brink : _bpolitics, economics, and society / _cCraig Baxter. |
| 260 |
_a[S.l.] : _bLexington Books, _c2004. |
||
| 300 |
_a277 p. ; _c23 cm. |
||
| 500 | _aHardcover. | ||
| 520 | _aThis collection of essays scrutinizes many aspects of Pakistan's foreign policy, including their evolving relations with the United States, India, and Afghanistan. Essential to understanding Pakistan's foreign relations is a focus on Pakistan's domestic policies. The contributing scholars deftly analyze the following domestic aspects: Pakistan's developing economy, controversial election process, education system, and local government. This examination of Pakistan's domestic policy is vital to the understanding of Pakistan's global political stance. Pakistan on the Brink is an imperative source of scholarship for South Asian, Pakistan Studies, and political scholars. | ||
| 856 | 4 | 0 |
_3Amazon.com _uhttp://www.amazon.com/exec/obidos/ASIN/0739104985/chopaconline-20 |
| 856 | 4 | 0 |
_3Amazon customer reviews _uhttp://www.chopac.org/cgi-bin/tools/azrev.pl?q=0739104985 |
| 942 |
_cBK _k954.91053 BAX _2ddc |
||